[Event "AUTO-ADV-3947"]
[Site "http://www.queenalice.com/game.php?id=1506644"]
[Date "2017.12.4"]
[Round "1"]
[White "NickThorp"]
[Black "Menezes"]
[Result "1-0"]
[WhiteElo "1658"]
[BlackElo "1733"]

1. e4 e5 2. Nf3 d6 3. Bb5+ c6 4. Bc4 Bg4 5. h3 Bh5 6. Be2 Be7 7. d3 f6 8. Nc3
Qa5 9. Bd2 Bd8 10. a3 Qb6 11. Na4 Qb5 12. b3 c5 13. d4 Qc6 14. dxc5 Qxe4 15. O-O
Be7 16. Nc3 Qg6 17. cxd6 Bxd6 18. Bb5+ Nd7 19. Nd5 e4 20. Nh4 Bxd1 21. Nxg6 hxg6
22. Bxd7+ Kxd7 23. Raxd1 Bxa3 24. b4 Rd8 25. c3 Ke6 26. Nc7+ Kf5 27. Nb5 Bb2 28.
Nxa7 Ne7 29. Nb5 g5 30. Nd4+ Ke5 31. Rb1 Ba3 32. Rb3 Ra8 33. Nb5 Rhd8 34. Rd1
Bc1 35. Rxc1 Rxd2 36. Rbb1 Nd5 37. Rd1 Rd3 38. Rxd3 exd3 39. Rd1 Nf4 40. Nd4 Ra3
41. Nf3+ Ke4 42. Nd2+ Kf5 43. Nb1 Ne2+ 44. Kf1 Nxc3 45. Nxc3 Rxc3 46. b5 b6 47.
f3 Kf4 48. Kf2 Rc2+ 49. Kf1 d2 50. Ke2 Kg3 51. Rxd2 Rxd2+ 52. Kxd2 Kxg2 53. Ke3
Kxh3 54. Ke4 Kg3 55. Ke3 f5 56. Ke2 1-0

[Event "AUTO-ADV-3947"]
[Site "http://www.queenalice.com/game.php?id=1506645"]
[Date "2017.12.4"]
[Round "1"]
[White "Menezes"]
[Black "Givanildo"]
[Result "0-1"]
[WhiteElo "1818"]
[BlackElo "1681"]

1. e4 d5 2. Bb5+ c6 3. Ba4 b5 4. Bb3 e6 5. Nc3 Bb4 6. Nf3 Bxc3 7. bxc3 a5 8. a4
b4 9. exd5 cxd5 10. cxb4 axb4 11. d4 h6 12. Ne5 Ne7 13. Qf3 O-O 14. Qg3 Nf5 15.
Qg4 Ba6 16. Bxh6 Nxh6 17. Qh5 Qf6 18. g3 Nc6 19. Nd7 Qxd4 20. Rd1 Qe4+ 21. Kd2
Ng4 22. Qg5 Qd4+ 23. Kc1 Qa1+ 24. Kd2 Qc3+ 25. Kc1 Nxf2 26. Rhf1 Bxf1 27. Nxf8
Qa1+ 28. Kd2 Qxd1+ 29. Ke3 Qe2+ 0-1

[Event "AUTO-ADV-3947"]
[Site "http://www.queenalice.com/game.php?id=1506646"]
[Date "2017.12.4"]
[Round "1"]
[White "Givanildo"]
[Black "Menezes"]
[Result "1-0"]
[WhiteElo "1730"]
[BlackElo "1798"]

1. e3 e5 2. d4 Nc6 3. a3 Nf6 4. h3 Ne4 5. dxe5 Nxe5 6. Be2 d5 7. Qd4 f6 8. f3
Nc5 9. Nc3 Be6 10. f4 Nc6 11. Qd2 Qd6 12. Nb5 Qd7 13. Nf3 Ne7 14. b4 Ne4 15. Qd3
Bf5 16. Nbd4 Nf2 17. Kxf2 Bxd3 18. Bxd3 g6 19. a4 Nf5 20. g4 Nxd4 21. exd4 O-O-O
22. f5 Bxb4 23. Bb5 c6 24. Bd3 gxf5 25. Bxf5 Qxf5 26. gxf5 c5 27. Be3 c4 28.
Rab1 a5 29. Bh6 Rhe8 30. Rbc1 Re4 31. c3 Bd6 32. Bg7 Be7 33. Rhe1 Rg8 34. Bh6
Ba3 35. Rb1 Bd6 36. Rg1 Bg3+ 37. Rxg3 Rge8 38. Re1 Kd7 39. Rxe4 dxe4 40. Nd2 Kd6
41. Nxc4+ Kd5 42. Ne3+ Kc6 43. c4 b6 44. Bg7 Rd8 45. Bxf6 Rf8 46. Be7 Rf7 47.
Ba3 h5 48. Rg6+ Kd7 49. Rd6+ Kc7 50. Nd5+ Kb7 51. Rxb6+ Ka7 52. f6 Rd7 53. Ne7
Kxb6 54. c5+ Kc7 55. d5 Rd8 56. d6+ Kd7 57. c6+ Ke6 58. c7 Re8 59. c8=Q+ Rxc8
60. Nxc8 Kxf6 61. d7 Kf5 62. d8=Q Kf4 63. Qf6# 1-0

[Event "AUTO-ADV-3947"]
[Site "http://www.queenalice.com/game.php?id=1506648"]
[Date "2017.12.4"]
[Round "1"]
[White "Pinehill"]
[Black "Menezes"]
[Result "1-0"]
[WhiteElo "1767"]
[BlackElo "1770"]

1. e4 e5 2. d4 d5 3. dxe5 Bc5 4. exd5 c6 5. c4 Be6 6. Nc3 cxd5 7. cxd5 Bd7 8.
Nf3 Bf5 9. Bb5+ Nd7 10. O-O a6 11. Bxd7+ Bxd7 12. Ne4 Be7 13. d6 Bc6 14. Qe2 f5
15. dxe7 Qxe7 16. Bg5 Qc7 17. Nd6+ Kd7 18. e6+ Kxd6 19. Rfd1+ Bd5 20. Qe5+ Kc6
21. Rac1+ 1-0

[Event "AUTO-OPEN-3881"]
[Site "http://www.queenalice.com/game.php?id=1507724"]
[Date "2017.12.12"]
[Round "1"]
[White "williamtod98"]
[Black "Menezes"]
[Result "0-1"]
[WhiteElo "1079"]
[BlackElo "1754"]

1. d4 e6 2. e3 d5 3. Nf3 Nf6 4. Bd3 Nc6 5. O-O Bd6 6. g3 Ne4 7. c4 f5 8. Nc3
Nxc3 9. bxc3 Qd7 10. Ng5 Qe7 11. h4 h6 12. Nf3 g5 13. a4 Qg7 14. Qb3 gxh4 15.
Nxh4 Rg8 16. Kh1 Bxg3 17. fxg3 Qxg3 18. Nf3 Qg2# 0-1

[Event "AUTO-OPEN-3881"]
[Site "http://www.queenalice.com/game.php?id=1507725"]
[Date "2017.12.12"]
[Round "1"]
[White "Menezes"]
[Black "williamtod98"]
[Result "1-0"]
[WhiteElo "1796"]
[BlackElo "1135"]

1. e4 d6 2. d4 Nf6 3. Nc3 Nc6 4. Bc4 a6 5. Nf3 e6 6. d5 Ne5 7. O-O c6 8. dxe6
fxe6 9. Bb3 d5 10. Nxe5 g6 11. Bg5 Be7 12. Qd2 dxe4 13. Qxd8+ Bxd8 14. Nxe4 Nxe4
15. Bxd8 Kxd8 16. Nf7+ Ke7 17. Nxh8 Bd7 18. f3 Nd2 19. Rfd1 Nxb3 20. Nxg6+ hxg6
21. cxb3 Be8 22. Rd2 g5 23. Rad1 Rc8 24. Kf2 Rc7 25. g3 Rd7 26. Rxd7+ Bxd7 27.
h3 e5 28. b4 b5 29. Kg2 Be8 30. b3 Bg6 31. Kf2 Bf5 32. g4 Bc2 33. Re1 Ke6 34.
Rc1 Bd3 35. Rxc6+ Kd5 36. Rxa6 Bb1 37. Ra5 Kc6 38. a3 Bc2 39. Ke3 Bxb3 40. Kd2
Bd5 41. Ke3 Kb6 42. a4 Bc6 43. axb5 Bxb5 44. Ke4 Bc6+ 45. Kxe5 Bxf3 46. Kf5 Bg2
47. Ra3 Kb5 48. Kxg5 Kxb4 49. Rg3 Bf1 50. h4 Bc4 51. h5 Bg8 52. h6 Bh7 53. Kf6
Kc5 54. Kg7 Be4 55. h7 Bxh7 56. Kxh7 Kd6 57. g5 Ke7 58. g6 Kf8 59. g7+ Kf7 60.
Rg6 Ke8 61. g8=Q+ Ke7 62. Ra6 Kd7 63. Qf7+ Kc8 64. Ra8# 1-0

[Event "AUTO-OPEN-3881"]
[Site "http://www.queenalice.com/game.php?id=1507761"]
[Date "2017.12.12"]
[Round "1"]
[White "jlpbarreto"]
[Black "Menezes"]
[Result "0-1"]
[WhiteElo "1943"]
[BlackElo "1793"]

1. b4 a5 2. bxa5 Rxa5 3. Nc3 c6 4. e4 e5 5. Nf3 f6 6. Bc4 Qb6 7. d3 Bc5 8. O-O
Ba3 9. Be3 Qb2 10. Qd2 Bb4 0-1

[Event "AUTO-OPEN-3891"]
[Site "http://www.queenalice.com/game.php?id=1511485"]
[Date "2018.1.12"]
[Round "1"]
[White "erig1969"]
[Black "Menezes"]
[Result "1-0"]
[WhiteElo "2014"]
[BlackElo "1758"]

1. d4 e6 2. c4 d6 3. e3 d5 4. cxd5 Qxd5 5. Nc3 Bb4 6. Nf3 Qa5 7. Qc2 Nf6 8. a3
Bxc3+ 9. bxc3 Ne4 10. Bb2 Qf5 11. Bd3 Qg4 12. O-O Ng5 13. Ne5 1-0

[Event "AUTO-OPEN-3891"]
[Site "http://www.queenalice.com/game.php?id=1511486"]
[Date "2018.1.12"]
[Round "1"]
[White "Menezes"]
[Black "erig1969"]
[Result "0-1"]
[WhiteElo "1752"]
[BlackElo "2020"]

1. e4 c5 2. Nc3 a6 3. d3 Nc6 4. Bf4 e6 5. Qd2 d6 6. Nf3 Be7 7. O-O-O h6 8. g3 b5
9. d4 cxd4 10. Nxd4 Na5 11. Bg2 Nc4 12. Nc6 Qc7 0-1

[Event "AUTO-OPEN-3891"]
[Site "http://www.queenalice.com/game.php?id=1511509"]
[Date "2018.1.12"]
[Round "1"]
[White "Menezes"]
[Black "ratorei"]
[Result "0-1"]
[WhiteElo "1703"]
[BlackElo "2134"]

1. g3 d5 2. Bg2 e5 3. d3 c6 4. b3 Nf6 5. Nf3 Bd6 6. Ba3 Bxa3 7. Nxa3 Qa5+ 8. Nd2
Qxa3 9. O-O O-O 10. e4 Bg4 11. f3 Be6 12. Nb1 Qb2 13. Nd2 dxe4 14. fxe4 Ng4 15.
Qf3 Rd8 16. Bh3 h5 17. Rfc1 Na6 18. Bxg4 Bxg4 19. Qf2 Qd4 20. Qxd4 Rxd4 21. Kf2
Rad8 22. Nf3 Bxf3 23. Kxf3 Nc5 0-1

[Event "AUTO-OPEN-3891"]
[Site "http://www.queenalice.com/game.php?id=1511510"]
[Date "2018.1.12"]
[Round "1"]
[White "ratorei"]
[Black "Menezes"]
[Result "1-0"]
[WhiteElo "1946"]
[BlackElo "1767"]

1. d4 e6 2. c4 d5 3. Nc3 dxc4 4. e4 f5 5. exf5 exf5 6. Bxc4 Qe7+ 7. Nge2 b6 8.
O-O Be6 9. Nf4 Qh4 10. Nxe6 Bd6 11. g3 Qf6 12. Nd5 Qf7 13. Re1 Kd7 14. Qb3 Nf6
15. Nxb6+ axb6 16. Nc5+ bxc5 17. Bxf7 Nc6 18. Qe6+ Kd8 19. dxc5 Bxc5 20. Qxc6
Ra5 21. Bg5 Rf8 22. Rad1+ Bd6 23. Re8+ 1-0